Equipos - Eurocopa 1988 - Estadísticas

Estadísticas generales
  • Esta prueba ha sido intentada 14 veces
  • La puntuación promedio es 7 de 8
Estadísticas de respuestas
Squadra % Correcto
Alemania Occidental
100%
España
100%
Inglaterra
100%
Italia
100%
Países Bajos
100%
Dinamarca
86%
Irlanda
86%
Unión Soviética
71%
No se encontraron pruebas coincidentes
Distribución de puntuación
Porcentaje de gente con cada puntuación
Porcentaje por número respondido
Historial de tus puntuaciones
No has intentado esta prueba.